Thế giới quanh ta : Những điều kỳ thú /

Sách giới thiệu về những điều kỳ thú xảy ra trong thế giới quanh ta.

Guardat en:
Dades bibliogràfiques
Autor principal: Phạm Ngọc Toàn, GS.
Format: Llibre
Idioma:Vietnamese
Publicat: Tp.HCM : Thanh niên, 1998.
Matèries:
Etiquetes: Afegir etiqueta
Sense etiquetes, Sigues el primer a etiquetar aquest registre!
Thư viện lưu trữ: Mạng thư viện Đại học Đà Nẵng
LEADER 00945cam a2200337 i 4500
001 000046680
003 6182
005 20030917134121.0
008 010307b1998 vm 000 vie
020 |c 10000 
040 |a IRC  |c IRC  |d IRC 
041 0 |a vie 
082 1 4 |a 001  |b PH-T 
100 1 |a Phạm Ngọc Toàn,  |c GS. 
245 0 0 |a Thế giới quanh ta :  |b Những điều kỳ thú /  |c Phạm Ngọc Toàn. 
260 |a Tp.HCM :  |b Thanh niên,  |c 1998. 
300 |a 105tr. ;  |c 18.5cm. 
520 3 |a Sách giới thiệu về những điều kỳ thú xảy ra trong thế giới quanh ta. 
630 0 4 |a Kiến thức. 
630 0 4 |a Thế giới quanh ta. 
650 0 4 |a Kiến thức phổ thông. 
OWN |a DUT 
999 |a From the UDN01 
TYP |a Monograph 
TYP |a Printed language 
980 |a Mạng thư viện Đại học Đà Nẵng